| 000 | 01079nac a22003017a 4500 | ||
|---|---|---|---|
| 001 | BR8708151 | ||
| 003 | BR-BrBNA | ||
| 005 | 20240105120643.0 | ||
| 008 | 230509b bl.|||m| |||| 00| 0 por d | ||
| 040 |
_aBR-BrBNA _bpor _cBiblioteca Nacional de Agricultura |
||
| 072 | _aH60 | ||
| 090 | _a3876 BR8708151 | ||
| 100 | 1 | _aFernandes, E. | |
| 100 | 1 | _aBook, A. | |
| 100 | 1 | _aOliveira, A.R. de | |
| 110 | 1 | _aEmpresa de Pesquisa, Assistencia Tecnica e Extensao Rural de Mato Grosso do Sul, Campo Grande (Brasil) | |
| 245 | 1 | _aControle quimico e mecanico da palmeira bacuri (Pradosia lutexens) | |
| 246 | 1 | _a[Chemical and mechanical control of weeds] | |
| 260 | 3 |
_aCampo Grande, MS (Brasil): _c1986. |
|
| 300 | _a23 p. | ||
| 490 |
_aCircular Tecnica - Empresa de Pesquisa, Assistencia Tecnica e Extensao Rural de Mato Grosso do Sul (Brazil) _vno. 2 _xISSN 0101-9678 |
||
| 500 | _a12 tables; 5 ref. | ||
| 650 | _aERVA DANINHA | ||
| 650 | _aCONTROLE QUIMICO | ||
| 650 | _aCONTROLE MECANICO | ||
| 909 |
_a202312 _bLúcia Elande _c55 _dLúcia Elande |
||
| 942 |
_2AGRIS _n0 _cMS |
||
| 999 |
_c280701 _d280701 |
||